Movies Quiz

Random Movies or Actor Quiz

Peter O'Toole Tribute Quiz Stats

 Plays Quiz not verified by Sporcle

Score 0/20 Timer 05:00
0 Plays Today
Hint Answer % Correct
O'Toole's first Oscar Nomination was for playing T. E. Lawrence in what film?Lawrence of Arabia
92.6%
O'Toole won a Primetime Emmy for his role in what TV movie named for a female French warrior and Catholic Saint?Joan of Arc
82.4%
O'Toole was nominated for a Razzie for his role in 'Club Paradise', what star of that film received his first Oscar nomination the next year for 'Good Morning Vietnam'?Robin Williams
82.4%
O'Toole was next nominated for playing King Henry II, again, what was the name of the film?The Lion in Winter
79.4%
O'Toole was nominated for a Golden Globe for playing Don Quixote in what musical?Man of La Mancha
79.4%
O'Toole was in what film that was Oscar nominated for its costumes and starred Brad Pitt as Achilles?Troy
79.4%
O'Toole was next nominated for playing Arthur Chipping in what film?Goodbye, Mr. Chips
76.5%
That film won 7 Oscars including Best Picture and Best Director, what was the name of the Director?David Lean
75%
What was the name of the actress that won an Oscar playing Eleanor of Aquitaine in the above film? Katharine Hepburn
75%
O'Toole's last Oscar nomination came for a role in a movie that shares its name with what Planet?Venus
75%
Hint Answer % Correct
What actor, that won a posthumous Best Actor Oscar, starred in Peter O'Toole's first film? Peter Finch
72.1%
O'Toole was next nominated for playing King Henry II, what was the name of the film?Becket
72.1%
What was the name of the actor nominated in the Title role of the above film?Richard Burton
72.1%
O'Toole was not always the King, he co-starred in what movie with Golden Globe winner John Goodman as the title King?King Ralph
72.1%
O'Toole also had a starring role in what 1987 (1988 Award Year) Best Picture Oscar winner?The Last Emperor
70.6%
O'Toole was the voice of Anton Ego in what Oscar winning Pixar film?Ratatouille
66.2%
His co-star in the above film was the actress and singer that had a string of hit songs including 'Downtown', what is her name?Petula Clark
57.4%
Peter O'Toole's first film role was as Robin MacGregor in adaptation of what Robert Louis Stevenson Book?Kidnapped
50%
This actress was nominated for a Golden Globe as the Title Character in the above TV movie?Leelee Sobieski
23.5%
Not all movie awards are created equal, O'Toole was nominated for a DVD Premiere Award opposite winner Joan Plowright in what Rock N Roll movie?Rock My World
13.2%

You're not logged in!

Compare scores with friends on all Sporcle quizzes.
OR
Log In

Sporcle TV

Today on Sporcle TV


Watch our educational content, quiz creation guides, and fun videos on Sporcle TV.

Show Comments

Extras

Top Quizzes Today


Score Distribution

Your Account Isn't Verified!

In order to create a playlist on Sporcle, you need to verify the email address you used during registration. Go to your Sporcle Settings to finish the process.

Report this User

Report this user for behavior that violates our Community Guidelines.

Details: